Margarida bem-me-quer (Record no. 15157)

MARC details
000 -LÍDER
campo de controle de tamanho fixo 00355 a2200157 4500
001 - NÚMERO DE CONTROLE
campo de controle 15157
020 ## - ISBN - INTERNATIONAL STANDARD BOOK NUMBER
ISBN - International Standard Book Number 9788589059336
040 ## - FONTE DA CATALOGAÇÃO
Instituição que transcreveu o registro Anchieta - Aquarius
100 ## - ENTRADA PRINCIPAL--NOME PESSOAL
Nome pessoal Knittel, Débora
240 10 - TÍTULO UNIFORME
Título uniforme Margarida bem-me-quer
Idioma da obra por
245 10 - TÍTULO
Título Margarida bem-me-quer
300 ## - DESCRIÇÃO FÍSICA
Extensão 29
362 0# - DATAS DE PUBLICAÇÃO E/OU DESIGNAÇÃO SEQUENCIAL
Datas de publicação e/ou designação sequencial 2010
650 #4 - ASSUNTO--TERMO TÓPICO
Cabeçalho tópico ou nome geográfico Literatura infanto-juvenil
942 ## - ELEMENTOS DE ENTRADA ADICIONADOS (KOHA)
Tipo de material Koha Livros
Holdings
Situação do descarte Situação das perdas Situação física Não pode ser emprestado Biblioteca de origem Biblioteca atual Data de aquisição Total de empréstimos Número de chamada completo Código de barras Data de último acesso Data do último empréstimo Data do preço efetivo Tipo de material Koha
        Colégio Anchieta - Bela Vista Colégio Anchieta - Bela Vista 21/11/2023   028.5 M327 MAR 104/BEL 21/11/2023   21/11/2023 Livros
        Colégio Anchieta - Aquarius Inspira 21/11/2023 3 028.5 KNI MAR 7256/AQU 21/11/2023 21/11/2023 21/11/2023 Livros